16 categories of desire
保存先:
| 第一著者: | |
|---|---|
| フォーマット: | 図書 |
| 言語: | Undetermined |
| 出版事項: |
New Brunswick
Goose Lane
2000
|
| 主題: | |
| タグ: |
タグ追加
タグなし, このレコードへの初めてのタグを付けませんか!
|
| Thư viện lưu trữ: | Trung tâm Học liệu Trường Đại học Cần Thơ |
|---|
| LEADER | 00427nam a2200157Ia 4500 | ||
|---|---|---|---|
| 001 | CTU_56145 | ||
| 008 | 210402s9999 xx 000 0 und d | ||
| 082 | |a 813.54 | ||
| 082 | |b G566 | ||
| 100 | |a Douglas Glover | ||
| 245 | 0 | |a 16 categories of desire | |
| 260 | |a New Brunswick | ||
| 260 | |b Goose Lane | ||
| 260 | |c 2000 | ||
| 650 | |a Literature - Canadian ( English ) | ||
| 980 | |a Trung tâm Học liệu Trường Đại học Cần Thơ | ||